Revista de responsabilidad civil y seguros (Registro nro. 8473)

Detalles MARC
000 -LEADER
fixed length control field 00797nas a2200217 454500
001 - CONTROL NUMBER
control field 15108
005 - DATE AND TIME OF LATEST TRANSACTION
control field 20260407193505.0
008 - FIXED-LENGTH DATA ELEMENTS--GENERAL INFORMATION
fixed length control field 260407s1999####ag###########|||spa#d
003 - CONTROL NUMBER IDENTIFIER
control field AR-UNSa-BCEJYS
040 ## - CATALOGING SOURCE
Original cataloging agency AR-UNSa-BCEJYS
Language of cataloging spa
Transcribing agency AR-UNSa-BCEJYS
080 ## - UNIVERSAL DECIMAL CLASSIFICATION NUMBER
Universal Decimal Classification number 347.41
Common auxiliary subdivision Obligaciones en general (civil)
100 1# - MAIN ENTRY--PERSONAL NAME
Personal name Alterini, Atilio Aníbal
245 10 - TITLE STATEMENT
Title Revista de responsabilidad civil y seguros
Name of part/section of a work Publicación bimestral de doctrina, jurisprudencia y legislación
264 #1 - PRODUCTION, PUBLICATION, DISTRIBUTION, MANUFACTURE, AND COPYRIGHT NOTICE
Place of production, publication, distribution, manufacture Buenos Aires :
Name of producer, publisher, distributor, manufacturer La Ley
Date of production, publication, distribution, manufacture, or copyright notice 1999
310 ## - CURRENT PUBLICATION FREQUENCY
Current publication frequency Frecuencia: Bimestral
590 ## - LOCAL NOTE (RLIN)
Local note niveau_biblio:s niveau_hierar:1
650 ## - SUBJECT ADDED ENTRY--TOPICAL TERM
Topical term or geographic name entry element Responsabilidad civil
650 ## - SUBJECT ADDED ENTRY--TOPICAL TERM
Topical term or geographic name entry element Derecho
856 41 - ELECTRONIC LOCATION AND ACCESS
Uniform Resource Identifier <a href="https://biblioeco.unsa.edu.ar/pmb/images/revistas/Responsabilidad Civil y Seguros.jpg">https://biblioeco.unsa.edu.ar/pmb/images/revistas/Responsabilidad Civil y Seguros.jpg</a>
Link text Imagen de portada
Electronic format type image/jpeg
942 ## - ADDED ENTRY ELEMENTS (KOHA)
Koha item type
Existencias
Withdrawn status Lost status Damaged status Not for loan Home library Current library Shelving location Date acquired Serial enumeration / chronology Total checkouts Full call number Barcode Date last seen Price effective from Koha item type
        Biblioteca Prof. Eusebio Cleto del Rey Biblioteca Prof. Eusebio Cleto del Rey   01/05/1999 Año 1, Nº 3 - mayo/jun. 1999   H347.41 RES 3 R07514 10/04/2026 10/04/2026 Numero